01408nam a22003017a 4500999001700000003000900017005001700026008004100043020001800084040004300102082001900145100003600164245036000200250001900560264008500579264001000664300002800674336002600702337002800728338002700756504005100783650003500834653002500869655002400894700002400918942001200942952015200954 c28064d28035EG-ScBUE20200212132128.0200212t2018 ii f b 001 0 eng d a9789386479785 aEG-ScBUEbengerdacEG-ScBUEdEG-ScBUE04a624.1bDAY2221 aDayaratnam, P.,eauthor.91887910aDesign of reinforced concrete structures /cP. Dayaratnam, formerly professor and head of civil engineering, formerly dean of research and development, Indian Institute of Technology, Kanpur, formerly vice chancellor, J.N.T. University, Hyderabad, India, Dr. P. Sarah, professor of physics and dean, R&D Vardhaman College of Engineering, Hyderabad, India. aFifth edition. 1aDaryaganj, New Delhi :bMedtech, a Division of Scientific International,c[2018] 4cc2018 axix, 814 pages ;c24 cm 2rdacontentatextbtxt 2rdamediaaunmediatedbn 2rdacarrieravolumebnc aIncludes bibliographical references and index. 7aStructural engineering.2BUEsh bENGGENcFebruary2020 vReading book9342321 aSarah, P.,eauthor. 2ddccBB 00102ddc40708BaccahaMAINbMAINc1STd2020-02-12ePurchaseg323.00h34027l0o624.1 DAYp000048654r2025-07-15 00:00:00v403.75w2020-02-12yBB